[Event "Open Brno 2014"]
[Site "Brno CZE"]
[Date "2014.11.15"]
[Round "1.25"]
[White "Glacner, Karel"]
[Black "Kopecek, Ivan"]
[Result "0-1"]
[WhiteElo "1543"]
[BlackElo "1938"]
[PlyCount "84"]
[EventDate "2014.11.15"]
[EventType "swiss"]
[EventRounds "9"]
[EventCountry "CZE"]
[Source "lmi"]
[SourceDate "2014.11.15"]

1. Nf3 f5 2. b3 d6 3. e3 e5 4. Bc4 d5 5. Be2 Bd6 6. Bb2 Qe7 7. h4 Nc6 8. a4 Nf6
9. c4 dxc4 10. Bxc4 Be6 11. Bxe6 Qxe6 12. Ba3 Nb4 13. Bxb4 Bxb4 14. Nc3 O-O 15.
O-O Rfd8 16. Nb5 Rd7 17. Rc1 c6 18. Nc3 Bxc3 19. Rxc3 Ne4 20. Rc2 Rd3 21. Qa1
Re8 22. b4 Qd5 23. Qc1 Rd8 24. Rd1 f4 25. Ne1 Rb3 26. d3 Rxb4 27. exf4 exf4 28.
Qa3 a5 29. Qa2 Qxa2 30. Rxa2 Nc3 31. Rda1 Nxa2 32. Rxa2 Rb1 33. Kf1 Re8 34. Re2
Rxe2 35. Kxe2 Ra1 36. g3 Rxa4 37. g4 Ra2+ 38. Kf3 b5 39. Ng2 b4 40. Nxf4 b3 41.
Ne2 Rxe2 42. Kxe2 b2 0-1

[Event "Open Brno 2014"]
[Site "Brno CZE"]
[Date "2014.11.15"]
[Round "1.26"]
[White "Stanek, Stanislav"]
[Black "Nemec, Jakub"]
[Result "1-0"]
[WhiteElo "1938"]
[BlackElo "1523"]
[PlyCount "63"]
[EventDate "2014.11.15"]
[EventType "swiss"]
[EventRounds "9"]
[EventCountry "CZE"]
[Source "lmi"]
[SourceDate "2014.11.15"]

1. Nc3 c5 2. a3 Nc6 3. e4 g6 4. f4 Bg7 5. Bc4 Nf6 6. d3 a6 7. Nf3 b5 8. Ba2 Bb7
9. O-O O-O 10. Be3 d6 11. Kh1 e6 12. Qd2 Nd7 13. Rae1 Nd4 14. Bxd4 cxd4 15. Ne2
Qb6 16. Ng3 Rac8 17. Qf2 Nc5 18. b4 Na4 19. Bb3 Nc3 20. Ne2 Nxe2 21. Rxe2 Rc7
22. h4 Bc8 23. h5 e5 24. hxg6 hxg6 25. Qh4 Qa7 26. Ng5 Re8 27. Ref2 Be6 28.
Qh7+ Kf8 29. Nxe6+ fxe6 30. fxe5+ Ke7 31. Rf7+ Kd8 32. Qxg7 1-0

[Event "Open Brno 2014"]
[Site "Brno CZE"]
[Date "2014.11.15"]
[Round "1.27"]
[White "Kures, Michael"]
[Black "Borisek, Anze"]
[Result "0-1"]
[WhiteElo "1493"]
[BlackElo "1934"]
[PlyCount "86"]
[EventDate "2014.11.15"]
[EventType "swiss"]
[EventRounds "9"]
[EventCountry "CZE"]
[Source "lmi"]
[SourceDate "2014.11.15"]

1. d4 b5 2. e4 Bb7 3. Nd2 Nf6 4. e5 Nd5 5. Ngf3 b4 6. Bc4 e6 7. b3 Nc3 8. Bb2
Nxd1 9. Rxd1 d5 10. Bd3 Ba6 11. Bxa6 Nxa6 12. O-O Be7 13. Rfe1 O-O 14. Re3 c5
15. c3 Rc8 16. Ne1 bxc3 17. Bxc3 cxd4 18. Bxd4 Bg5 19. Rg3 Bxd2 20. Rxd2 Rc1
21. Re2 Qa5 22. Kf1 Rfc8 23. Be3 Ra1 24. Bd2 Qb5 25. a4 Qd7 26. Ree3 d4 27. Rd3
Nc5 28. Rdf3 Ne4 29. Ke2 Nxg3+ 30. Rxg3 Rxe1+ 31. Bxe1 Qd5 32. Bd2 Qxe5+ 33.
Kd1 f5 34. f4 Qe4 35. b4 Kf7 36. a5 a6 37. h3 Rd8 38. h4 d3 39. Re3 Qxg2 40.
Kc1 Rc8+ 41. Kd1 Qf1+ 42. Be1 Rc2 43. h5 Re2 0-1

[Event "Open Brno 2014"]
[Site "Brno CZE"]
[Date "2014.11.15"]
[Round "1.28"]
[White "Vucko, Maja"]
[Black "Tajovsky, Matej"]
[Result "1-0"]
[WhiteElo "1923"]
[BlackElo "1429"]
[PlyCount "51"]
[EventDate "2014.11.15"]
[EventType "swiss"]
[EventRounds "9"]
[EventCountry "CZE"]
[Source "lmi"]
[SourceDate "2014.11.15"]

1. e4 c5 2. Nf3 d6 3. d4 cxd4 4. Nxd4 Nf6 5. Nc3 Nc6 6. Be2 e6 7. O-O Be7 8.
Be3 a6 9. f4 O-O 10. Bf3 Bd7 11. Qe1 e5 12. Nxc6 Bxc6 13. Rd1 Qc7 14. Qg3 h6
15. fxe5 dxe5 16. Bxh6 Ne8 17. Kh1 Bf6 18. Be2 Qe7 19. Be3 Bd7 20. Nd5 Qe6 21.
Bc5 Rc8 22. Qa3 Rxc5 23. Qxc5 Bc6 24. h3 b6 25. Qa3 a5 26. Bg4 1-0

[Event "Open Brno 2014"]
[Site "Brno CZE"]
[Date "2014.11.15"]
[Round "1.29"]
[White "Simantsev, Mikhail"]
[Black "Ivanov, Mikhail M"]
[Result "1/2-1/2"]
[WhiteElo "2452"]
[BlackElo "2380"]
[PlyCount "24"]
[EventDate "2014.11.15"]
[EventType "swiss"]
[EventRounds "9"]
[EventCountry "CZE"]
[Source "lmi"]
[SourceDate "2014.11.15"]

1. d4 d5 2. c4 c6 3. Nc3 Nf6 4. cxd5 cxd5 5. Nf3 Nc6 6. Bf4 Bf5 7. e3 e6 8. Bd3
Bxd3 9. Qxd3 Bd6 10. Bxd6 Qxd6 11. O-O O-O 12. Rfc1 a6 1/2-1/2

[Event "Open Brno 2014"]
[Site "Brno CZE"]
[Date "2014.11.16"]
[Round "2.1"]
[White "Kourousis, Epaminondas"]
[Black "Pokorny, Petr"]
[Result "1-0"]
[WhiteElo "2380"]
[BlackElo "2138"]
[PlyCount "67"]
[EventDate "2014.11.15"]
[EventType "swiss"]
[EventRounds "9"]
[EventCountry "CZE"]
[Source "lmi"]
[SourceDate "2014.11.15"]

1. Nf3 d5 2. g3 c6 3. Bg2 Bg4 4. O-O Nd7 5. d3 Ngf6 6. b3 e6 7. Bb2 Bc5 8. Nbd2
O-O 9. h3 Bh5 10. g4 Bg6 11. Nh4 Nxg4 12. Nxg6 Nxf2 13. Rxf2 Bxf2+ 14. Kxf2
Qb6+ 15. e3 fxg6+ 16. Ke2 Rf7 17. Qg1 Qc5 18. c4 dxc4 19. bxc4 Qh5+ 20. Bf3 Qh4
21. Qg4 Qe7 22. h4 Nf6 23. Qg5 Rd8 24. Bd4 Qd7 25. Ne4 e5 26. Qxe5 Nxe4 27.
Bxe4 c5 28. Qxc5 Qg4+ 29. Kd2 Rf2+ 30. Kc3 Qe2 31. Kb3 Qc2+ 32. Ka3 b6 33. Qb4
Rh2 34. Qe7 1-0

[Event "Open Brno 2014"]
[Site "Brno CZE"]
[Date "2014.11.16"]
[Round "2.2"]
[White "Vesely, Jaromir"]
[Black "Kulon, Klaudia"]
[Result "0-1"]
[WhiteElo "2008"]
[BlackElo "2374"]
[PlyCount "118"]
[EventDate "2014.11.15"]
[EventType "swiss"]
[EventRounds "9"]
[EventCountry "CZE"]
[Source "lmi"]
[SourceDate "2014.11.15"]

1. d4 d5 2. c4 e6 3. Nc3 c6 4. e3 Bd6 5. Bd3 f5 6. f4 Nf6 7. Nf3 O-O 8. O-O b6
9. cxd5 Nxd5 10. Nxd5 exd5 11. Qe2 Bb7 12. Bd2 c5 13. Ne5 c4 14. Bc2 b5 15. b4
a5 16. a3 axb4 17. axb4 Rxa1 18. Rxa1 Na6 19. Qe1 Qe7 20. Rb1 g6 21. Bc3 Kg7
22. g3 Ra8 23. Bd1 Bc8 24. Bf3 Be6 25. Ra1 Nc7 26. Qb1 Qf8 27. Nc6 Rxa1 28.
Qxa1 Qe8 29. Ne5 Qa8 30. Qxa8 Nxa8 31. Nc6 Nc7 32. Na5 Bc8 33. Kf2 Kf6 34. Ke2
Ke6 35. Nc6 Na6 36. Kd2 Bd7 37. Nd8+ Ke7 38. Nb7 Bxb4 39. Bxd5 Ba3 40. Ba5 Bb4+
41. Bxb4+ Nxb4 42. Bf3 Bc6 43. Bxc6 Nxc6 44. Kc3 Ke6 45. Nc5+ Kd5 46. Na6 Kd6
47. Nc5 Ne7 48. e4 fxe4 49. Nxe4+ Kc6 50. Ng5 h5 51. Nf3 Kd5 52. h3 Nc6 53. Ne5
b4+ 54. Kd2 Ne7 55. g4 hxg4 56. hxg4 Kxd4 57. g5 b3 58. Nxg6 Nxg6 59. f5 Ne7
0-1

[Event "Open Brno 2014"]
[Site "Brno CZE"]
[Date "2014.11.16"]
[Round "2.3"]
[White "Constantinou, Peter"]
[Black "Grove, Michael"]
[Result "1/2-1/2"]
[WhiteElo "2298"]
[BlackElo "2083"]
[PlyCount "134"]
[EventDate "2014.11.15"]
[EventType "swiss"]
[EventRounds "9"]
[EventCountry "CZE"]
[Source "lmi"]
[SourceDate "2014.11.15"]

1. d4 Nf6 2. Nf3 g6 3. c4 Bg7 4. g3 c5 5. d5 O-O 6. Bg2 d6 7. Nc3 e6 8. O-O
exd5 9. cxd5 Bd7 10. a4 Na6 11. Nd2 Re8 12. Nc4 Bf5 13. f3 Nc7 14. e4 Bc8 15.
Bf4 Bf8 16. Qd2 b6 17. Rfe1 Ba6 18. b3 Bxc4 19. bxc4 Nd7 20. Bg5 f6 21. Be3 Ne5
22. Qe2 Bg7 23. f4 Nf7 24. Qc2 Na6 25. Bh3 Nb4 26. Qd2 f5 27. exf5 gxf5 28.
Rac1 Qf6 29. Nb5 Re7 30. Bd4 cxd4 31. Rxe7 Qxe7 32. Re1 Qd7 33. Qxb4 a6 34. Na3
Re8 35. Rd1 Qe7 36. Nc2 d3 37. Rxd3 Qe2 38. Qd2 Qe4 39. Na3 Nh6 40. Bg2 Qe1+
41. Qxe1 Rxe1+ 42. Kf2 Ra1 43. h3 Bb2 44. Nc2 Rxa4 45. Rb3 Ra2 46. Ke3 Bf6 47.
Kd3 Rb2 48. Rxb2 Bxb2 49. Nb4 a5 50. Nc6 Kf7 51. Kc2 Ba1 52. Kb3 Ng8 53. Ka4
Nf6 54. Kb5 Nd7 55. Bf1 Bc3 56. Bd3 Kf6 57. g4 fxg4 58. hxg4 h6 59. Bc2 Bb2 60.
Na7 Bc1 61. f5 Be3 62. Nc8 Bc5 63. Bd1 Ne5 64. Be2 Nd7 65. Bd1 Ne5 66. Be2 Nd7
67. Kc6 Ne5+ 1/2-1/2

[Event "Open Brno 2014"]
[Site "Brno CZE"]
[Date "2014.11.16"]
[Round "2.4"]
[White "Healy, Tom"]
[Black "Iwanow, Anna"]
[Result "0-1"]
[WhiteElo "1974"]
[BlackElo "2288"]
[PlyCount "80"]
[EventDate "2014.11.15"]
[EventType "swiss"]
[EventRounds "9"]
[EventCountry "CZE"]
[Source "lmi"]
[SourceDate "2014.11.15"]

1. Nf3 Nf6 2. d4 c5 3. d5 e6 4. c4 exd5 5. cxd5 d6 6. g3 g6 7. Bg2 Bg7 8. O-O
O-O 9. Nc3 Re8 10. Bg5 a6 11. a4 Nbd7 12. Qd2 Rb8 13. Qf4 Qc7 14. Rfe1 b5 15.
axb5 axb5 16. e4 Nh5 17. Qd2 Ne5 18. Nxe5 Bxe5 19. Ne2 Bg7 20. h3 Nf6 21. f3
Nd7 22. Bh6 Bh8 23. f4 Nb6 24. Rab1 Nc4 25. Qc1 Qa5 26. Kh2 Qb4 27. f5 Ra8 28.
b3 Ne5 29. fxg6 hxg6 30. Rf1 Ra2 31. Nc3 Qxc3 32. Qxc3 Ng4+ 33. hxg4 Bxc3 34.
Rf3 b4 35. Rbf1 Re7 36. Bg5 Rea7 37. Bf6 Rc2 38. Bxc3 Raa2 39. Kh3 Rxg2 40. Kh4
Ba6 0-1

[Event "Open Brno 2014"]
[Site "Brno CZE"]
[Date "2014.11.16"]
[Round "2.5"]
[White "Burnett, Andrew"]
[Black "Davis, Lee"]
[Result "1-0"]
[WhiteElo "2269"]
[BlackElo "1971"]
[PlyCount "53"]
[EventDate "2014.11.15"]
[EventType "swiss"]
[EventRounds "9"]
[EventCountry "CZE"]
[Source "lmi"]
[SourceDate "2014.11.15"]

1. e4 g6 2. d4 d6 3. Nc3 Nf6 4. Be3 c6 5. Qd2 Nbd7 6. Nf3 Bg7 7. Bd3 Qa5 8. h3
O-O 9. O-O e5 10. Rfe1 Re8 11. Rad1 Nf8 12. d5 c5 13. Nb5 Qd8 14. Na3 a6 15. b4
b6 16. bxc5 bxc5 17. Nc4 Bd7 18. Nxd6 Nxe4 19. Bxe4 f5 20. Bg5 Qb6 21. Nxe8
Rxe8 22. Bd3 e4 23. Bc4 exf3 24. d6+ Ne6 25. Rxe6 Rxe6 26. Bxe6+ Bxe6 27. d7
1-0

[Event "Open Brno 2014"]
[Site "Brno CZE"]
[Date "2014.11.16"]
[Round "2.6"]
[White "Popper, Tomas"]
[Black "Blahynka, Martin"]
[Result "1/2-1/2"]
[WhiteElo "1961"]
[BlackElo "2237"]
[PlyCount "121"]
[EventDate "2014.11.15"]
[EventType "swiss"]
[EventRounds "9"]
[EventCountry "CZE"]
[Source "lmi"]
[SourceDate "2014.11.15"]

1. Nf3 Nf6 2. b4 e6 3. a3 a5 4. b5 c6 5. e3 cxb5 6. Bxb5 b6 7. O-O Be7 8. c4
O-O 9. d4 Bb7 10. Nbd2 d6 11. Bb2 Qc7 12. Rc1 Nbd7 13. Qe2 Rac8 14. Rfd1 Rfd8
15. h3 e5 16. Nf1 e4 17. N3d2 d5 18. cxd5 Qd6 19. Ng3 Qxd5 20. Bc4 Qg5 21. Ba6
Rxc1 22. Rxc1 Bd5 23. Qf1 Bd6 24. Ne2 Be6 25. Nc3 Bf5 26. Nc4 Bb8 27. g3 Qh5
28. h4 g5 29. Ne2 gxh4 30. Ne5 Nxe5 31. dxe5 Ng4 32. gxh4 Qxh4 33. Qg2 h5 34.
Ng3 Qg5 35. Nxf5 Qxf5 36. Bb7 Bxe5 37. Bxe4 Bh2+ 38. Kh1 Qxe4 39. Qxe4 Nxf2+
40. Kxh2 Nxe4 41. Bd4 b5 42. Kg2 a4 43. Kf3 Nd2+ 44. Kf4 Nb3 45. Rg1+ Kf8 46.
Bf6 Rd2 47. Kf3 Rd6 48. Bc3 Rg6 49. Rh1 Rh6 50. Rh4 Ke8 51. Kf4 f6 52. Kf5 Kf7
53. Bb4 Rh8 54. Bc3 Rh6 55. Bb4 Nc1 56. Re4 Rh7 57. Re7+ Kg8 58. Re8+ Kg7 59.
e4 Nd3 60. Re7+ Kg8 61. Re8+ 1/2-1/2

[Event "Open Brno 2014"]
[Site "Brno CZE"]
[Date "2014.11.16"]
[Round "2.7"]
[White "Kopecek, Ivan"]
[Black "Semenova, Elena"]
[Result "0-1"]
[WhiteElo "1938"]
[BlackElo "2227"]
[PlyCount "96"]
[EventDate "2014.11.15"]
[EventType "swiss"]
[EventRounds "9"]
[EventCountry "CZE"]
[Source "lmi"]
[SourceDate "2014.11.15"]

1. e4 e5 2. Nf3 Nc6 3. Bb5 a6 4. Ba4 Nge7 5. O-O g6 6. c3 Bg7 7. d4 exd4 8.
cxd4 b5 9. Bb3 d6 10. Be3 O-O 11. Nbd2 d5 12. Bg5 h6 13. Bxe7 Nxe7 14. exd5
Nxd5 15. Ne5 Be6 16. Rc1 Nf4 17. Bxe6 Nxe6 18. Ndf3 Nxd4 19. Re1 Re8 20. Nxd4
Bxe5 21. Nf3 Qxd1 22. Rexd1 Bxb2 23. Rxc7 Rad8 24. Rb1 Rc8 25. Ra7 Re6 26. g3
Rc2 27. Ne1 Rce2 28. Nf3 Bf6 29. Rc1 Bb2 30. Rb1 Rf6 31. Kg2 Rxf2+ 32. Kxf2
Bd4+ 33. Ke2 Bxa7 34. a4 Re6+ 35. Kd2 bxa4 36. Ra1 Re4 37. Ne1 Bc5 38. Nd3 Bd6
39. Nf2 Rc4 40. Kd3 Rb4 41. Ra2 Be7 42. Ne4 a3 43. Nd2 Rb2 44. Ra1 Bb4 45. Nc4
Rxh2 46. Nxa3 Rg2 47. Nc2 Rxg3+ 48. Ke4 a5 0-1

[Event "Open Brno 2014"]
[Site "Brno CZE"]
[Date "2014.11.16"]
[Round "2.8"]
[White "Bartos, Jan"]
[Black "Gentsch, Peter"]
[Result "1/2-1/2"]
[WhiteElo "2194"]
[BlackElo "1956"]
[PlyCount "54"]
[EventDate "2014.11.15"]
[EventType "swiss"]
[EventRounds "9"]
[EventCountry "CZE"]
[Source "lmi"]
[SourceDate "2014.11.15"]

1. d4 Nf6 2. c4 e6 3. Nf3 Bb4+ 4. Bd2 Bxd2+ 5. Qxd2 d5 6. Nc3 O-O 7. e3 c6 8.
cxd5 exd5 9. Bd3 Nbd7 10. O-O Re8 11. Qc2 Nf8 12. h3 Ng6 13. b4 a6 14. a4 Qd6
15. Rab1 Be6 16. Rfc1 Rec8 17. b5 axb5 18. axb5 c5 19. dxc5 Qxc5 20. Ne2 Qd6
21. Qb2 Nd7 22. Rxc8+ Rxc8 23. Rc1 Rxc1+ 24. Qxc1 Nde5 25. Nxe5 Nxe5 26. Bb1
Nc4 27. Bd3 Qb4 1/2-1/2

[Event "Open Brno 2014"]
[Site "Brno CZE"]
[Date "2014.11.16"]
[Round "2.9"]
[White "Borisek, Anze"]
[Black "Rehurek, Lukas"]
[Result "0-1"]
[WhiteElo "1934"]
[BlackElo "2188"]
[PlyCount "118"]
[EventDate "2014.11.15"]
[EventType "swiss"]
[EventRounds "9"]
[EventCountry "CZE"]
[Source "lmi"]
[SourceDate "2014.11.15"]

1. f4 Nf6 2. Nf3 g6 3. b3 Bg7 4. Bb2 O-O 5. e3 c5 6. Be2 Nc6 7. O-O d5 8. Ne5
Qc7 9. Nxc6 Qxc6 10. Bf3 Bf5 11. d3 Rad8 12. Qe2 Qc8 13. Nd2 Bg4 14. Bxg4 Qxg4
15. Qxg4 Nxg4 16. Bxg7 Kxg7 17. Rae1 Rfe8 18. h3 Nf6 19. Nf3 Nd7 20. Ne5 Nxe5
21. fxe5 f6 22. exf6+ exf6 23. g4 Re6 24. Rf4 Rde8 25. e4 b6 26. Ref1 dxe4 27.
dxe4 R8e7 28. a4 Rd6 29. R1f2 g5 30. Rf5 Rxe4 31. a5 Kg6 32. axb6 axb6 33. Kg2
Ree6 34. Kh2 h5 35. Kg2 hxg4 36. hxg4 Rd4 37. Kg3 Kg7 38. Kh3 Re3+ 39. Kh2 Rd6
40. Kg2 c4 41. bxc4 Rc3 42. c5 Rxc5 43. Rxc5 bxc5 44. Kg3 Rd4 45. Rf3 Rc4 46.
c3 Re4 47. Rd3 Kf7 48. Kf3 Rf4+ 49. Kg3 Ke6 50. Rd8 Ke5 51. Rd7 Ke4 52. Re7+
Kd3 53. Rc7 c4 54. Rc8 Kxc3 55. Rc6 Kc2 56. Rc8 c3 57. Rc6 Kb2 58. Rb6+ Kc1 59.
Rc6 c2 0-1

[Event "Open Brno 2014"]
[Site "Brno CZE"]
[Date "2014.11.16"]
[Round "2.10"]
[White "Cherednichenko, Elena"]
[Black "Stanek, Stanislav"]
[Result "1-0"]
[WhiteElo "2174"]
[BlackElo "1938"]
[PlyCount "119"]
[EventDate "2014.11.15"]
[EventType "swiss"]
[EventRounds "9"]
[EventCountry "CZE"]
[Source "lmi"]
[SourceDate "2014.11.15"]

1. d4 d6 2. Nf3 Bg4 3. e4 Nd7 4. Nbd2 e5 5. c3 c6 6. Qb3 Qb6 7. Qc2 Be7 8. Be2
Ngf6 9. h3 Bxf3 10. Nxf3 O-O 11. O-O Qc7 12. a4 a5 13. Bd3 Rfe8 14. Re1 h6 15.
g3 Nf8 16. Nh4 Ne6 17. Nf5 Bf8 18. Be3 Kh7 19. Qd2 Ng8 20. Rad1 g6 21. Nh4 Be7
22. Nf3 Bf6 23. Bb1 Qe7 24. d5 cxd5 25. Qxd5 Red8 26. Bb6 Rd7 27. Ba2 Qf8 28.
Qb5 Qc8 29. Bxa5 Nc7 30. Bxc7 Qxc7 31. Bb3 Ra5 32. Qb4 Kg7 33. Rd5 Rc5 34. Red1
b6 35. Rxc5 bxc5 36. Qb5 Rd8 37. Qc4 Rb8 38. Rb1 h5 39. h4 Nh6 40. Bc2 Qa7 41.
b3 Bd8 42. Rd1 Be7 43. Nd2 g5 44. hxg5 Bxg5 45. Qe2 Ng4 46. Nc4 Rd8 47. Rxd6
Rxd6 48. Nxd6 Qd7 49. Qd3 Kg6 50. Nc4 Qe6 51. f3 f6 52. fxg4 Qxg4 53. Bd1 Qh3
54. Qf3 h4 55. Qf5+ Qxf5 56. exf5+ Kxf5 57. gxh4 Bxh4 58. a5 Bg3 59. a6 e4 60.
a7 1-0

[Event "Open Brno 2014"]
[Site "Brno CZE"]
[Date "2014.11.16"]
[Round "2.11"]
[White "Frej, Zofia"]
[Black "Kratochvil, Karel"]
[Result "0-1"]
[WhiteElo "1713"]
[BlackElo "2148"]
[PlyCount "36"]
[EventDate "2014.11.15"]
[EventType "swiss"]
[EventRounds "9"]
[EventCountry "CZE"]
[Source "lmi"]
[SourceDate "2014.11.15"]

1. e4 e5 2. Nf3 Nf6 3. d4 Nxe4 4. Bd3 Nc6 5. Bxe4 d5 6. Nxe5 dxe4 7. Nxc6 bxc6
8. O-O Be7 9. Nc3 f5 10. Bf4 Bf6 11. Be5 O-O 12. Bxf6 Rxf6 13. Na4 f4 14. Nc5
Rg6 15. Re1 Bg4 16. Qd2 Bf3 17. g3 Qh4 18. Ne6 Qxh2+ 0-1

[Event "Open Brno 2014"]
[Site "Brno CZE"]
[Date "2014.11.16"]
[Round "2.12"]
[White "Shevchenko, Kirill"]
[Black "Vucko, Maja"]
[Result "1-0"]
[WhiteElo "2141"]
[BlackElo "1923"]
[PlyCount "85"]
[EventDate "2014.11.15"]
[EventType "swiss"]
[EventRounds "9"]
[EventCountry "CZE"]
[Source "lmi"]
[SourceDate "2014.11.15"]

1. e4 c5 2. Nf3 d6 3. d4 cxd4 4. Nxd4 Nf6 5. Nc3 a6 6. Be3 e6 7. Be2 Be7 8. Qd2
O-O 9. O-O-O Qc7 10. f3 b5 11. a3 Bb7 12. g4 Nc6 13. g5 Nd7 14. h4 Nde5 15. f4
Nc4 16. Bxc4 bxc4 17. g6 Nxd4 18. gxh7+ Kxh7 19. Bxd4 f5 20. Rhg1 e5 21. Be3
Bxe4 22. fxe5 dxe5 23. Nxe4 fxe4 24. Qg2 Bf6 25. Qxe4+ Kh8 26. c3 Rab8 27. Rg2
Qb7 28. Qxb7 Rxb7 29. Rd6 Be7 30. Rc6 Rf3 31. Bd2 Rf1+ 32. Kc2 Ra1 33. Rxc4 Ra2
34. Bc1 Ra1 35. Rg6 a5 36. Re6 Bf6 37. b3 Be7 38. Rxe7 Rxe7 39. Kb2 Rxc1 40.
Kxc1 Rb7 41. Kc2 Rb5 42. a4 Rd5 43. b4 1-0

[Event "Open Brno 2014"]
[Site "Brno CZE"]
[Date "2014.11.16"]
[Round "2.13"]
[White "Svoboda, Zdenek"]
[Black "Simantsev, Mikhail"]
[Result "1/2-1/2"]
[WhiteElo "1691"]
[BlackElo "2452"]
[PlyCount "51"]
[EventDate "2014.11.15"]
[EventType "swiss"]
[EventRounds "9"]
[EventCountry "CZE"]
[Source "lmi"]
[SourceDate "2014.11.15"]

1. e4 c5 2. Nc3 Nc6 3. g3 g6 4. Bg2 Bg7 5. d3 d6 6. Be3 e6 7. Nge2 Nd4 8. Qd2
Ne7 9. Nd1 O-O 10. c3 Nxe2 11. Qxe2 e5 12. f3 f5 13. Bg5 h6 14. Bxe7 Qxe7 15.
Ne3 Be6 16. exf5 gxf5 17. f4 Qf7 18. O-O Rae8 19. Qf3 b6 20. Rae1 Kh8 21. Bh3
Bc8 22. fxe5 Rxe5 23. Nc4 Rxe1 24. Rxe1 Bb7 25. Qxf5 Qc7 26. Qd7 1/2-1/2

[Event "Open Brno 2014"]
[Site "Brno CZE"]
[Date "2014.11.16"]
[Round "2.14"]
[White "Ivanov, Mikhail M"]
[Black "Spodny, Josef"]
[Result "1-0"]
[WhiteElo "2380"]
[BlackElo "1981"]
[PlyCount "73"]
[EventDate "2014.11.15"]
[EventType "swiss"]
[EventRounds "9"]
[EventCountry "CZE"]
[Source "lmi"]
[SourceDate "2014.11.15"]

1. d4 Nf6 2. c4 e6 3. g3 Bb4+ 4. Nc3 O-O 5. Bg2 d6 6. Nf3 Nc6 7. O-O Bxc3 8.
bxc3 e5 9. a4 Re8 10. a5 Rb8 11. Qc2 Bg4 12. Be3 b6 13. axb6 axb6 14. h3 Bxf3
15. Bxf3 Na5 16. Qa2 Qd7 17. Bg2 Qe6 18. c5 Qxa2 19. Rxa2 Nc4 20. Bg5 bxc5 21.
dxc5 dxc5 22. Ra7 Re7 23. Rd1 h6 24. Bxf6 gxf6 25. Rd5 c6 26. Rxe7 cxd5 27.
Bxd5 Nd6 28. Rd7 Rb6 29. c4 Ra6 30. Rc7 Ra5 31. Rc6 Nf5 32. Rxf6 Ne7 33. Rxh6
Nxd5 34. cxd5 c4 35. e4 Kf8 36. Rc6 Ra4 37. Kg2 1-0

[Event "Open Brno 2014"]
[Site "Brno CZE"]
[Date "2014.11.16"]
[Round "2.15"]
[White "Kratochvil, Josef"]
[Black "Doskar, Miloslav"]
[Result "1/2-1/2"]
[WhiteElo "2236"]
[BlackElo "1725"]
[PlyCount "94"]
[EventDate "2014.11.15"]
[EventType "swiss"]
[EventRounds "9"]
[EventCountry "CZE"]
[Source "lmi"]
[SourceDate "2014.11.15"]

1. d4 d5 2. c4 c6 3. Nf3 Nf6 4. Nc3 e6 5. e3 Nbd7 6. Qc2 Be7 7. g4 O-O 8. g5
Nh5 9. h4 dxc4 10. Bxc4 b5 11. Be2 g6 12. Ne5 Nxe5 13. Bxh5 Nd7 14. Bf3 Qb6 15.
Bd2 Bb7 16. O-O-O Rac8 17. h5 c5 18. Bxb7 Qxb7 19. hxg6 fxg6 20. Qb3 Qb6 21. d5
Ne5 22. dxe6 Nd3+ 23. Kb1 c4 24. Qxb5 Qxb5 25. Nxb5 Nxf2 26. Bc3 Nxh1 27. Rxh1
a6 28. Nd4 Bxg5 29. Rh3 Bf6 30. Kc2 Bxd4 31. exd4 Rf2+ 32. Kd1 Re8 33. Re3 Rf5
34. Bb4 h5 35. Kc2 g5 36. Kc3 h4 37. Kxc4 h3 38. Rxh3 Rxe6 39. Bc5 Kf7 40. b4
Re1 41. a4 Rc1+ 42. Kb3 g4 43. Rh2 Rf3+ 44. Kb2 Rcc3 45. d5 Rb3+ 46. Kc2 Rbc3+
47. Kb2 Rb3+ 1/2-1/2

[Event "Open Brno 2014"]
[Site "Brno CZE"]
[Date "2014.11.16"]
[Round "2.16"]
[White "Snorek, Milan"]
[Black "Feldvabl, Vilem"]
[Result "1/2-1/2"]
[WhiteElo "2105"]
[BlackElo "1716"]
[PlyCount "50"]
[EventDate "2014.11.15"]
[EventType "swiss"]
[EventRounds "9"]
[EventCountry "CZE"]
[Source "lmi"]
[SourceDate "2014.11.15"]

1. d4 d5 2. Nf3 Nf6 3. c4 e6 4. cxd5 exd5 5. Bg5 Be7 6. Nc3 c6 7. Qc2 h6 8. Bf4
O-O 9. e3 Nh5 10. Be5 Nd7 11. Bd3 Nxe5 12. Nxe5 Nf6 13. O-O Bd6 14. f4 Ng4 15.
Qe2 Nxe5 16. fxe5 Be7 17. Qh5 Bg5 18. Rae1 Be6 19. Rf3 Qd7 20. Rg3 g6 21. Bxg6
fxg6 22. Qxg6+ Kh8 23. Rxg5 hxg5 24. Qh6+ Kg8 25. Qg6+ Kh8 1/2-1/2

[Event "Open Brno 2014"]
[Site "Brno CZE"]
[Date "2014.11.16"]
[Round "2.17"]
[White "Dirgas, Josef"]
[Black "Rusek, Walter"]
[Result "1-0"]
[WhiteElo "2078"]
[BlackElo "1798"]
[PlyCount "83"]
[EventDate "2014.11.15"]
[EventType "swiss"]
[EventRounds "9"]
[EventCountry "CZE"]
[Source "lmi"]
[SourceDate "2014.11.15"]

1. d4 d5 2. c4 c6 3. Nc3 Nf6 4. Nf3 dxc4 5. e3 Bf5 6. Bxc4 e6 7. O-O Be7 8. h3
h6 9. Qe2 Nbd7 10. e4 Bh7 11. Bf4 O-O 12. Rad1 Bb4 13. Bd3 Qa5 14. Rc1 Rfe8 15.
a3 Be7 16. Rfd1 Rac8 17. Ne5 Nxe5 18. Bxe5 Nd7 19. Bg3 Nf6 20. Bb1 a6 21. e5
Nd7 22. Ne4 Red8 23. f4 Nf8 24. Bf2 Qb5 25. Bd3 Qd5 26. Qc2 Qa5 27. Be3 Qc7 28.
Qf2 Qd7 29. Qf3 Qd5 30. g4 Ng6 31. Bf2 Bh4 32. Bc4 Bxf2+ 33. Kxf2 Nh4 34. Bxd5
Nxf3 35. Kxf3 exd5 36. Nd6 Rc7 37. Rc3 f6 38. Re1 Re7 39. Rb3 fxe5 40. fxe5
Rdd7 41. Rc3 Be4+ 42. Kg3 1-0

[Event "Open Brno 2014"]
[Site "Brno CZE"]
[Date "2014.11.16"]
[Round "2.18"]
[White "Trochta, Vojtech"]
[Black "Tsenov, Tsvetoslav"]
[Result "0-1"]
[WhiteElo "1751"]
[BlackElo "2150"]
[PlyCount "66"]
[EventDate "2014.11.15"]
[EventType "swiss"]
[EventRounds "9"]
[EventCountry "CZE"]
[Source "lmi"]
[SourceDate "2014.11.15"]

1. e4 e5 2. Nf3 Nc6 3. d4 exd4 4. Nxd4 Nf6 5. Nxc6 bxc6 6. e5 Qe7 7. Qe2 Nd5 8.
c4 Nb6 9. b3 g6 10. Bb2 Bg7 11. Nd2 O-O 12. O-O-O d6 13. f4 Re8 14. Re1 dxe5
15. fxe5 Rb8 16. g4 Qg5 17. h3 Nd7 18. Kb1 Qe7 19. Bg2 Qc5 20. Ne4 Qb4 21. Qf2
Ba6 22. Nf6+ Bxf6 23. exf6 Rxe1+ 24. Rxe1 Nc5 25. Qe2 h6 26. Bxc6 Bxc4 27. Qd1
Bd3+ 28. Ka1 Bc2 29. Qxc2 Qxe1+ 30. Bc1 Nd3 31. Kb1 Qxc1+ 32. Qxc1 Nxc1 33.
Kxc1 Rb6 0-1

[Event "Open Brno 2014"]
[Site "Brno CZE"]
[Date "2014.11.16"]
[Round "2.20"]
[White "Aleksandravicius, Darius"]
[Black "Gurtovoi, Borys"]
[Result "0-1"]
[WhiteElo "1722"]
[BlackElo "1919"]
[PlyCount "106"]
[EventDate "2014.11.15"]
[EventType "swiss"]
[EventRounds "9"]
[EventCountry "CZE"]
[Source "lmi"]
[SourceDate "2014.11.15"]

1. Nf3 Nf6 2. c4 d5 3. cxd5 Nxd5 4. Nc3 c6 5. g3 g6 6. Bg2 Bg7 7. O-O O-O 8. d4
Bg4 9. e4 Nc7 10. Be3 Qc8 11. Qb3 Bxf3 12. Bxf3 Nd7 13. Rac1 e6 14. e5 Nb6 15.
a4 Rd8 16. a5 Nbd5 17. Ne4 Nb5 18. Rc5 h6 19. Rfc1 a6 20. Be2 Ndc7 21. Rd1 Rd5
22. Bc4 Rd8 23. Bf1 Qd7 24. Qa4 Qe7 25. Rcc1 Nd5 26. Bd2 Kh8 27. Nc3 Ndc7 28.
Nxb5 axb5 29. Qb4 Qd7 30. Be3 Bf8 31. Qd2 Kh7 32. Bg2 Nd5 33. Bxd5 Qxd5 34. b4
Qf3 35. Rb1 Rd5 36. Rb3 Qe4 37. Rd3 Rad8 38. f4 h5 39. Kf2 c5 40. bxc5 Bxc5 41.
Qc3 h4 42. gxh4 Be7 43. Kg3 b4 44. Qc7 R5d7 45. Qc2 Kg7 46. h5 Rh8 47. Kf2 Rxh5
48. Kg1 Rh4 49. Qg2 Qf5 50. Kh1 Rd5 51. R3d2 Rh3 52. Bg1 Rc3 53. Rf1 Bd8 0-1